000 00858nam a2200241 a 4500
001 000027594
005 20240228103022.0
008 110401s1986 dr ab r 000 0 spa d
040 _aDO-SdBNP
_bspa
_cBNPHU
082 _a372.66
_bP979t
100 1 _aPujols Faneyte, Víctor
_954687
245 1 0 _aTeatro escolar para la educación primaria /
_cVíctor Pujols Faneyte ; prólogo Ivan García.
260 _aSanto Domingo :
_bBilbioteca Nacional,
_c1986.
300 _a183 p. :
_bil., map. ;
_c21 cm.
490 1 _aOrfeo
500 _aIncluye datos biográficos del autor en la contracubierta
590 _aInventariado, 2018/BT
650 4 _aTeatro escolar e infantil
_954688
650 4 _aTeatro en la educación
_925440
700 1 _aGarcía Guerra, Iván,
_d1938-
_epról.
_9144
830 0 _aOrfeo
_918812
910 _aValidado. Control de calidad. MFF
999 _c27086
_d27086